000 00482nam a2200169Ia 4500
008 090711s9999 xx 000 0 und d
082 _b38712
100 _aदिघे प्रभाकर तुकाजी
245 _aवेध
260 _c1978
300 _a216
600 _aदिघे प्रभाकर तुकाजी
630 _aवेध
700 _aदिघे प्रभाकर तुकाजी
730 _aवेध
942 _cBOOK
999 _c306545
_d306545